1053 1668 1683 1312 1366 1960 1437 1919 1365 1929 1155 1525 1789 1623 1798 1027 1857 1377 1379 1788 1020 1679 1001 1982 1511 1956 1347 1222 1467 1177 1952 1115 1900 1347 1181 1023 1883 1658 1298 1251 1550 1475 1689 1033 1542 1420 1415 1301 1026 1593 1785 1409 1317 1551 1707 1425 1009 1154 1598 1855 1398 1633 1809 1127 1583 1043 1336 1034 1520 1270 1388 1484 1596 1096 1825 1332 1225 1035 1900 1869 1884 1850 1364 1874 1470 1111 1839 1256 1233 1628 1303 1280 1926 1562 1479 1307 1342 1583 1041 BCNSPRNW ULIB Ver.6.0+V

เปลี่ยนเป็นภาษาไทย

Change to English
 แสดงรายละเอียดบรรณานุกรม
  กลับหน้าหลัก

Brief Record : Get Marc (ISO 2709) : E-mail record : QR code < ปิดหน้าต่าง
LEADER : 00000nam 2200000uu 4500
001    13399121776
003     ULIB
008    121206s||||||||th 000 0 tha d
020    ^a9749507460
060 04 ^aWE740^bส846ห 2550
100 0  ^aสุรเกียรติ อาชานานุภาพ
245 10 ^aหมอนรองกระดูกสันหลังเคลื่อน =^bHerniated disc /^cสุรเกียรติ อาชานานุภาพ
246 31 ^aHerniated disc
250    ^aพิมพ์ครั้งที่ 3
260    ^aกรุงเทพฯ :^bหมอชาวบ้าน,^c2550
300    ^a32 หน้า :^bภาพประกอบ ;^c21 ซม.
440  0 ^a100 เรื่อง 100 โรค ;^vเรื่องที่ 23
440  0 ^aร้อยเรื่อง ร้อยโรค ;^vเรื่องที่ 23
650  7 ^aกระดูกสันหลัง
650  7 ^aหมอนรองกระดูกสันหลังเคลื่อน
945    ^p50^l0^i16081
945    ^p50^l0^i16082
995    ^aกัณชพร
999 ^a ใช้งานได้ทุกระบบ
รายการนี้ยังไม่มีแท็ก
คุณยังไม่ได้ล็อกอิน คุณสามารถมีกิจกรรมร่วมกับเว็บไซต์ได้ แต่ต้องล็อกอินก่อน ::
  ล็อกอิน

รายการสื่อสารสนเทศ

ลำดับที่ ประเภท เลขเรียก/บาร์โค้ด สถานที่ สถานะ
1. วิทยาศาสตร์การแพทย์ และสุขภาพ
วิทยาศาสตร์การแพทย์ และสุขภาพ
WE740 ส846ห 2550  
  Barcode: 16081
ห้องสมุดวิทยาเขตสวรรค์ประชารักษ์
►ส่วนจัดเก็บหนังสือเก่า สปร
บนชั้น
  ขอยืม
2. วิทยาศาสตร์การแพทย์ และสุขภาพ
วิทยาศาสตร์การแพทย์ และสุขภาพ
WE740 ส846ห 2550 ฉ.2 
  Barcode: 16082
ห้องสมุดวิทยาเขตสวรรค์ประชารักษ์
►ส่วนจัดเก็บหนังสือเก่า สปร
บนชั้น
  ขอยืม

รายการใกล้เคียง
    ผู้แต่ง [สุรเกียรติ อาชานานุภาพ]

    หัวเรื่อง [กระดูกสันหลัง]

BibComment


ยังไม่เคยถูกคอมเมนท์

คอมเมนท์ทรัพยากรรายการนี้
  คอมเมนท์: หมอนรองกระดูกสัน..


 Copyright 2026. Bcnsprnw @Library